00203nam a2200085Ia 4500008004100000100001800041245003200059260001700091260000900108180219s9999 xx 000 0 und d aPachori Grish 0aShikshan Adhigam Ka Sidhant aR Lal Meerut c2014